Countries By Code - Statistics

General Stats
  • This quiz has been taken 4 times
  • The average score is 59 of 240
Answer Stats
Country Call Code(s) % Correct
United States 1
100%
Canada 1
50%
South Africa 27
50%
United Kingdom 44
50%
Israel 972
50%
Bahamas 1-242
25%
Barbados 1-246
25%
Anguilla 1-264
25%
Antigua and Barbuda 1-268
25%
British Virgin Islands 1-284
25%
U.S. Virgin Islands 1-340
25%
Cayman Islands 1-345
25%
Bermuda 1-441
25%
Grenada 1-473
25%
Turks and Caicos Islands 1-649
25%
Montserrat 1-664
25%
Northern Mariana Islands 1-670
25%
Guam 1-671
25%
American Samoa 1-684
25%
Sint Maarten 1-721
25%
Dominica 1-767
25%
Saint Vincent and the Grenadines 1-784
25%
Puerto Rico 1-787
25%
Dominican Republic 1-809
25%
Dominican Republic 1-829
25%
Dominican Republic 1-849
25%
Trinidad and Tobago 1-868
25%
Saint Kitts and Nevis 1-869
25%
Jamaica 1-876
25%
Puerto Rico 1-939
25%
Egypt 20
25%
South Sudan 211
25%
Morocco 212
25%
Western Sahara 212
25%
Algeria 213
25%
Tunisia 216
25%
Libya 218
25%
Gambia 220
25%
Senegal 221
25%
Mauritania 222
25%
Mali 223
25%
Ivory Coast 225
25%
Burkina Faso 226
25%
Niger 227
25%
Togo 228
25%
Benin 229
25%
Mauritius 230
25%
Liberia 231
25%
Sierra Leone 232
25%
Ghana 233
25%
Nigeria 234
25%
Chad 235
25%
Central African Republic 236
25%
Cameroon 237
25%
Cape Verde 238
25%
Sao Tome and Principe 239
25%
Equatorial Guinea 240
25%
Gabon 241
25%
Republic of the Congo 242
25%
Democratic Republic of the Congo 243
25%
Angola 244
25%
British Indian Ocean Territory 246
25%
Seychelles 248
25%
Sudan 249
25%
Rwanda 250
25%
Ethiopia 251
25%
Somalia 252
25%
Djibouti 253
25%
Kenya 254
25%
Tanzania 255
25%
Uganda 256
25%
Burundi 257
25%
Mozambique 258
25%
Bulgaria 259
25%
Zambia 260
25%
Madagascar 261
25%
Mayotte 262
25%
Reunion 262
25%
Zimbabwe 263
25%
Namibia 264
25%
Malawi 265
25%
Lesotho 266
25%
Botswana 267
25%
Eswatini 268
25%
Comoros 269
25%
Eritrea 29`
25%
Saint Helena 290
25%
Faroe Islands 298
25%
Greenland 299
25%
Greece 30
25%
Netherlands 31
25%
Belgium 32
25%
France 33
25%
Spain 34
25%
Gibraltar 350
25%
Portugal 351
25%
Luxembourg 352
25%
Ireland 353
25%
Iceland 354
25%
Albania 355
25%
Malta 356
25%
Cyprus 357
25%
Finland 358
25%
Hungary 36
25%
Lithuania 370
25%
Latvia 371
25%
Estonia 372
25%
Moldova 373
25%
Armenia 374
25%
Belarus 375
25%
Andorra 376
25%
Monaco 377
25%
San Marino 378
25%
Vatican City 379
25%
Ukraine 380
25%
Serbia 381
25%
Montenegro 382
25%
Kosovo 383
25%
Croatia 385
25%
Slovenia 386
25%
Bosnia and Herzegovina 387
25%
North Macedonia 389
25%
Italy 39
25%
Romania 40
25%
Switzerland 41
25%
Czech Republic 420
25%
Slovakia 421
25%
Austria 43
25%
Jersey 44-1534
25%
Denmark 45
25%
Sweden 46
25%
Norway 47
25%
Svalbard and Jan Mayen 47
25%
Poland 48
25%
Germany 49
25%
Falkland Islands 500
25%
Belize 501
25%
Guatemala 502
25%
El Salvador 503
25%
Nicaragua 505
25%
Costa Rica 506
25%
Panama 507
25%
Saint Pierre and Miquelon 508
25%
Peru 51
25%
Mexico 52
25%
Cuba 53
25%
Argentina 54
25%
Brazil 55
25%
Chile 56
25%
Colombia 57
25%
Venezuela 58
25%
Saint Barthelemy 590
25%
Saint Martin 590
25%
Bolivia 591
25%
Ecuador 593
25%
Paraguay 595
25%
Suriname 597
25%
Uruguay 598
25%
Curacao 599
25%
Netherlands Antilles 599
25%
Malaysia 60
25%
Christmas Islands 61
25%
Cocos Islands 61
25%
Indonesia 62
25%
Philippines 63
25%
New Zealand 64
25%
Pitcairn 64
25%
Singapore 65
25%
Thailand 66
25%
East Timor 670
25%
Brunei 673
25%
Nauru 674
25%
Papua New Guinea 675
25%
Tonga 676
25%
Solomon Islands 677
25%
Vanuatu 678
25%
Fiji 679
25%
Palau 680
25%
Cook Islands 682
25%
Niue 683
25%
Samoa 685
25%
Kiribati 686
25%
New Caledonia 687
25%
Tuvalu 688
25%
French Polynesia 689
25%
Tokelau 690
25%
Micronesia 691
25%
Marshall Islands 692
25%
Kazakhstan 7
25%
Russia 7
25%
Japan 81
25%
South Korea 82
25%
Vietnam 84
25%
North Korea 850
25%
Hong Kong 852
25%
Macau 853
25%
Cambodia 855
25%
Laos 856
25%
China 86
25%
Bangladesh 880
25%
Taiwan 886
25%
Turkey 90
25%
India 91
25%
Pakistan 92
25%
Afghanistan 93
25%
Sri Lanka 94
25%
Myanmar 95
25%
Maldives 960
25%
Lebanon 961
25%
Jordan 962
25%
Syria 963
25%
Iraq 964
25%
Kuwait 965
25%
Saudi Arabia 966
25%
Yemen 967
25%
Oman 968
25%
Palestine 970
25%
United Arab Emirates 971
25%
Bahrain 973
25%
Qatar 974
25%
Bhutan 975
25%
Mongolia 976
25%
Nepal 977
25%
Iran 98
25%
Tajikistan 992
25%
Turkmenistan 993
25%
Azerbaijan 994
25%
Kyrgyzstan 996
25%
Uzbekistan 998
25%
Saint Lucia 1-858
0%
Guinea-Bissau 224
0%
Guyana 245
0%
Australia 297
0%
Liechtenstein 421
0%
Guinea 44-1481
0%
Isle of Man 44-1624
0%
Honduras 509
0%
Haiti 591
0%
Antarctica 672
0%
Georgia 996
0%
No matching quizzes found
Score Distribution
Percent of People with Each Score
Percentile by Number Answered
Your Score History
You have not taken this quiz